Women's Football Clubs in EA FC26 - Statistics

General Stats
  • This quiz has been taken 92 times
  • The average score is 31 of 76
Answer Stats
Hint Answer % Correct
EnglandWomen's Super League Arsenal
96%
SpainLiga F Barcelona
95%
EnglandWomen's Super League Manchester City
95%
EnglandWomen's Super League Manchester United
95%
EnglandWomen's Super League Chelsea
93%
GermanyFrauen-Bundesliga Bayern Munich
92%
EnglandWomen's Super League Liverpool
90%
United StatesNWSL Bay
88%
FranceArkema D1 Paris Saint-Germain
88%
EnglandWomen's Super League Aston Villa
86%
EnglandWomen's Super League Brighton and Hove Albion
85%
EnglandWomen's Super League Tottenham Hotspur
84%
FranceArkema D1 OL Lyonnes
82%
EnglandWomen's Super League Leicester City
81%
SpainLiga F Real Madrid
81%
EnglandWomen's Super League West Ham United
79%
EnglandWomen's Super League London City Lionesses
78%
GermanyFrauen-Bundesliga Wolfsburg
77%
EnglandWomen's Super League Everton
74%
SpainLiga F Atlético Madrid
60%
United StatesNWSL Gotham
56%
FranceArkema D1 Paris FC
53%
GermanyFrauen-Bundesliga Eintracht Frankfurt
51%
SpainLiga F Madrid CFF
48%
United StatesNWSL Washington Spirit
47%
United StatesNWSL San Diego Wave
42%
GermanyFrauen-Bundesliga Bayer Leverkusen
38%
SpainLiga F Athletic Bilbao
37%
SpainLiga F Sevilla
36%
FranceArkema D1 Olympique Marseille
34%
United StatesNWSL Portland Thorns
34%
GermanyFrauen-Bundesliga Hoffenheim
33%
United StatesNWSL Orlando Pride
33%
United StatesNWSL Angel City
32%
GermanyFrauen-Bundesliga Köln
32%
GermanyFrauen-Bundesliga Union Berlin
32%
United StatesNWSL Chicago Red Stars
30%
GermanyFrauen-Bundesliga Hamburg
30%
Rest of the World Juventus
30%
SpainLiga F Levante
30%
United StatesNWSL Seattle Reign
30%
GermanyFrauen-Bundesliga Freiburg
29%
SpainLiga F Real Sociedad
29%
United StatesNWSL Houston Dash
27%
United StatesNWSL Kansas City Current
26%
GermanyFrauen-Bundesliga Werder Bremen
26%
FranceArkema D1 Saint-Étienne
25%
FranceArkema D1 Strasbourg
25%
SpainLiga F Espanyol
23%
GermanyFrauen-Bundesliga Rot-Weiss Essen
23%
FranceArkema D1 Nantes
21%
GermanyFrauen-Bundesliga RB Leipzig
21%
Rest of the World Roma
21%
FranceArkema D1 Montpellier
19%
GermanyFrauen-Bundesliga Nürnberg
19%
United StatesNWSL Utah Royals
19%
GermanyFrauen-Bundesliga Carl Zeiss Jena
18%
FranceArkema D1 Lens
18%
United StatesNWSL North Carolina Courage
18%
SpainLiga F Tenerife
16%
Rest of the World Benfica
15%
SpainLiga F Granada
15%
FranceArkema D1 Le Havre
15%
United StatesNWSL Racing Louisville
14%
SpainLiga F Alhama
12%
FranceArkema D1 Dijon
12%
SpainLiga F Eibar
11%
SpainLiga F DUX Logroño
10%
Rest of the World Ajax
8%
FranceArkema D1 Fleury
8%
Rest of the World Slavia Praha
7%
Rest of the World Glasgow City
5%
Rest of the World Rosengård
5%
Rest of the World Zürich
5%
SpainLiga F Deportivo Abanca
3%
SpainLiga F Levante Las Planas
3%
No matching quizzes found
Score Distribution
Percent of People with Each Score
Percentile by Number Answered
Your Score History
You have not taken this quiz